Databáza partnerov analytická štúdia cezhraničnej spolupráce

Bibliographic Details
Main Author: Štefko, Róbert, 1956- (Author)
Format: Book
Language:Slovak
PhysicalDescription:55 strán 21 cm
Published: [Bratislava] [R. S. Royal service] 2004
ISBN:8096837974
Edition:[1. vyd.]
Subjects:

MARC

LEADER 00000cam a2200000 a 4500
001 vtls001482134
003 SK-MaSNL
005 20260426011638.0
008 240226s2004 xo gr 000 0 slo
015 |a SNBA2005/02-00625 
020 |a 8096837974  |q (brožované) 
035 |a SNK000437431 
035 |a urn:nbn:sk:snk-am3iy4e 
035 |a 854308CB-FE97-4AD4-B6B2-AF284DD1A95D 
035 |a urn:nbn:sk:snk-am00g4jm 
040 |a SNK  |b slo  |c SNK  |e AACR2 
041 0 |a slo 
043 |a e-xo---  |a e-pl--- 
044 |a xo  |c SK 
072 7 |a 332  |x Regionálna ekonómia, regionálna ekonomika  |2 konspekt 
080 |a 332.135(4)  |2 2011 
080 |a 316.4.063.3  |2 2011 
080 |a (437.6)  |2 2011 
080 |a (438)  |2 2011 
080 |a (048.8)  |2 2011 
080 |a 913(4-192.2)  |2 2011 
100 1 |a Štefko, Róbert,  |d 1956-  |4 aut  |9 192364 
245 1 0 |a Databáza partnerov  |b analytická štúdia cezhraničnej spolupráce  |c Róbert Štefko a kol. 
250 |a [1. vyd.] 
260 |a [Bratislava]  |b [R. S. Royal service]  |c 2004 
300 |a 55 strán  |c 21 cm 
650 0 7 |a euroregióny  |2 SNKPH  |9 2147 
650 0 7 |a cezhraničná spolupráca  |2 SNKPH  |9 4908 
651 7 |a Slovensko  |2 SNKPHgeo  |9 14231 
651 7 |a Poľsko  |2 SNKPHgeo  |9 16755 
655 7 |a prehľady  |2 SNKPH  |9 70194 
655 7 |a štúdie  |2 SNKPH  |9 57033 
919 |a 80-968379-7-4 
958 |a OND 
999 |c 1075521  |d 1077451 
952 |t P60, <03>, [BOOK], {603}, -K-  |a SNK  |b SNK  |y PREZ  |7 0  |p 17A0443830  |o snkSC 117408  |i snkKSP 12402/2004  |0 0  |1 0  |4 0  |d 2004-09-22  |f 1  |l 0  |r 2025-10-16 00:00:00  |w 2026-02-24 
952 |t P60, <04>, [BOOK], {604}  |a SNK  |b SNK  |y VYP  |7 0  |p 17A0443831  |o snkSC 117408 D1  |i snkKSP 12403/2004  |0 0  |1 0  |4 0  |d 2004-09-22  |l 0  |r 2005-01-02 00:00:00  |w 2026-02-24